Normal view
MARC view
- Tayyaba Zeb
Entry Personal Name
001 - CONTROL NUMBER
- control field: 98503
003 - CONTROL NUMBER IDENTIFIER
- control field: NUST
005 - DATE AND TIME OF LATEST TRANSACTION
- control field: 20220825112332.0
008 - FIXED-LENGTH DATA ELEMENTS
- fixed length control field: 220825|| aca||aabn | a|a d
040 ## - CATALOGING SOURCE
- Original cataloging agency: NUST
- Transcribing agency: NUST
100 ## - HEADING--PERSONAL NAME
- Personal name: Tayyaba Zeb
670 ## - SOURCE DATA FOUND
- Source citation: Work cat.: (NUST)13311: Tayyaba Zeb, Quantitative security metrics for secure VM migration protocols, 2015
